000 00571namaa2200193 a 4500
001 38123
003 BD-RjUL
005 20211209052730.0
008 150912b bg ||||g |||| 00| 0 eng d
035 _a(BD-RjUL)38228
040 _aBD-RjUL
_beng
082 _223
_a079.5492
_bKHO
245 _aদৈনিক খবর (Daily Khobor)
_cমিজানুর রহমান মিজান
260 _aDhaka :
_bMizanur Rahman Mizan,
300 _a8p.
650 _aDaily Newspaper
_zBangladesh
_9117503
700 _aMizan, Mizanur Rahman.
_9117985
942 _2ddc
_cNP
999 _c38123
_d38123